[Event "Asia Cities-ch 19th"]
[Site "Kalutara "]
[Date "2015.07.23"]
[Round "3"]
[White "Sanjid, Latheef"]
[Black "Fong, Yit San"]
[Result "1/2-1/2"]
[WhiteElo "1922"]
[BlackElo "2091"]
[PlyCount "67"]
[EventDate "2015.07.22"]
[EventType "team-tourn"]
[EventRounds "9"]
[EventCountry "SRI"]
[SourceTitle "EXT 2020"]
[Source "ChessBase"]
[SourceDate "2019.10.17"]
[SourceVersion "1"]
[SourceVersionDate "2019.10.17"]
[SourceQuality "1"]
[WhiteTeam "Kozhikode"]
[BlackTeam "Shah Alam"]
[WhiteTeamCountry "IND"]
[BlackTeamCountry "MAS"]

1. b3 d5 2. Bb2 Nf6 3. d4 e6 4. Nf3 c5 5. e3 Nc6 6. Be2 cxd4 7. exd4 Bb4+ 8. c3 Be7 9. Nbd2 0-0 10. 0-0 b6 11. Ne5 Bb7 12. Ndf3 Rc8 13. Bd3 Bd6 14. Qe2 Qc7 15. Rac1 Qe7 16. Rfe1 Rc7 17. Rcd1 Re8 18. Ng5 Nd8 19. Qe3 h6 20. Ngf3 Nc6 21. h3 Ne4 22. Nxc6 Bxc6 23. Ne5 Bb7 24. Bxe4 dxe4 25. Nc4 b5 26. Nxd6 Qxd6 27. d5 Bxd5 28. Qxe4 Qc6 29. Qg4 f5 30. Qg6 Kf8 31. c4 bxc4 32. bxc4 Bxc4 33. Be5 Rb7 34. Rd6 1/2-1/2